| Tag |
First Indicator |
Second Indicator |
Subfields |
| LEADER |
00000cam a2200000Ia 4500 |
| 001 |
in00004527708 |
| 005 |
20191205081925.0 |
| 008 |
810211s1979 xx a bm 000 0 ger |
| 035 |
|
|
|a (OCoLC)ocm07119393
|
| 035 |
|
|
|a (OCoLC)7119393
|
| 035 |
|
|
|z (UtOrBLW)65215
|
| 035 |
|
|
|a 92725
|
| 040 |
|
|
|a AGL
|b eng
|c AGL
|d CUX
|d OCLCQ
|d OCLCG
|d CUX
|d OCLCF
|d UtOrBLW
|
| 041 |
0 |
|
|a ger
|b eng
|
| 049 |
|
|
|a TMVM
|
| 070 |
1 |
|
|a 41.2
|b M9222 [1979 No.87]
|
| 090 |
|
|
|a SF961
|b .A55 1979
|
| 096 |
|
|
|a SF 961
|b A289p 1979
|
| 100 |
1 |
|
|a Aigner, Andreas,
|d 1953-
|
| 245 |
1 |
0 |
|a Petechiale Nierenblutungen bei Schlachtkälbern :
|b ein Beitrag zur Pathogenese /
|c von Andreas Aigner.
|
| 264 |
|
1 |
|a [Place of publication not identified] :
|b [publisher not identified],
|c 1979.
|
| 300 |
|
|
|a 50 pages :
|b illustrations ;
|c 21 cm.
|
| 336 |
|
|
|a text
|2 rdacontent
|b txt
|
| 337 |
|
|
|a unmediated
|2 rdamedia
|
| 338 |
|
|
|a volume
|2 rdacarrier
|b nc
|
| 502 |
|
|
|b doctoral
|c Universität München
|d 1979.
|
| 504 |
|
|
|a Includes bibliographical references (pages 48-50).
|
| 546 |
|
|
|a German with English summary.
|
| 500 |
|
|
|a Vita.
|
| 650 |
|
0 |
|a Calves
|x Diseases.
|
| 650 |
|
0 |
|a Kidneys
|x Blood-vessels
|x Diseases.
|
| 650 |
|
2 |
|a Cattle Diseases.
|
| 650 |
|
2 |
|a Kidney Diseases
|x veterinary.
|
| 650 |
|
2 |
|a Purpura
|x veterinary.
|
| 650 |
|
7 |
|a Calves
|x Diseases.
|2 fast
|0 (OCoLC)fst00844563
|
| 650 |
|
7 |
|a Kidneys
|x Blood-vessels
|x Diseases.
|2 fast
|0 (OCoLC)fst00987377
|
| 999 |
|
|
|a MARS
|
| 999 |
f |
f |
|s 0f37e8ea-fb3a-341a-a847-e1f47b29e37d
|i 9d12969a-8a01-32bb-90f7-406e9524a091
|t 0
|
| 952 |
f |
f |
|p preservation
|a Texas A&M University
|b J.J. Pickle Campus
|c High Density Repository
|d Remote Storage
|t 0
|e German dissertations
|h Other scheme
|i unmediated -- volume
|m 3238902476012
|
| 998 |
f |
f |
|a German dissertations
|t 0
|l Remote Storage
|